000 00805cam a22002531 4500
001 sa 67004041
003 DLC
005 20260227112343.0
008 801002s1966 ii f000 0 eng
010 _asa 67004041
025 _aPL480:I-E-7929
035 _a(OCoLC)6777596
040 _aDLC
_cNIC
_dDLC
042 _apremarc
050 0 0 _aHD4966.I52
_bI4
110 1 _aIndia (Republic).
_bCentral Wage Board for Iron and Steel Industry.
245 0 0 _aReport, 1965.
260 _aDelhi,
_bManager of Publications,
_c1966.
300 _a237 p.
_c34 cm.
500 _aCover title.
500 _a"Report of the Expert Committee on Wage Differentials": p. 133-234.
650 0 _aWages
_xIron and steel workers
_zIndia.
710 1 _aIndia (Republic).
_bExpert Committee on Wage Differentials.
_tReport.
999 _c74228
_d74228